Quizzes
Events
Quiz Creation
Community
Videos
Private Events
Remove Ads
Sign In
Join for FREE
Feedback
Dark Mode
Quiz Categories
Sports
Geography
Music
Movies
Television
Just For Fun
Miscellaneous
History
Literature
Language
Science
Gaming
Entertainment
Religion
Holiday
For Kids
Quiz Lab
Recent
Popular Today
Quiz Kudos Today
Editor Picks
Curator Picks
Quizzes by...
Day
Popularity
Type
Ratings
Length
Year
Community
Subscriptions
Recent Discussions
Orange Saloon
Badges
Playlists
Quests
Create
Leaderboards
Showdown
Live 5
Trivia Bingo
Activity
Puzzle Library
Sporcle Events
Private Events
Virtual Trivia
Globe League
Become a Host
Pub Owners
SporcleCon
Opinionation
Our Games
Videos
Blog
Mobile Apps
Partnerships
Remove Ads and Go Orange
Feedback
Gaming
Video Games
Board Games
Card Games
Pokémon
Mario
Nintendo
Minecraft
Console
Toys
Legend of Zelda
Gaming
Video Games
Board Games
Card Games
Pokémon
Mario
Nintendo
Minecraft
Console
Toys
Legend of Zelda
Random Quiz
Search Sporcle
×
Quiz Lab
Quiz Lab
Gaming
position
Type in answers that appear in a list
Type in answers that appear in a list
Classic
Best Score? Go Orange.
TeamCrafted UHC Season 6 Stats
TeamCrafted UHC Season 6!!
By
11darknight10
8m
12 Questions
4 Plays
4 Plays
4 Plays
Comments
Comments
Give Quiz Kudos
Give Quiz Kudos
-
- Ratings
hide this ad
Replay
Link that replays current quiz
Next Quiz
Link to next quiz in quiz playlist
You Got
0%
They Got
Avg Score
58%
Avg Friend Score
Upgrade to see
Score Distribution
Jump to the score distribution portion of the page
Score
0/12
Timer
08:00
0
Plays Today
how they died
Player
% Correct
Killed by [4]
MrWoofless [Purple (HotNSpicy..?)]
100%
survived
LegendxTaz [Light Blue]
75%
Killed by [1]
TBNRFrags [Red]
75%
Killed by [2]
AciDicBliTzz [Light Blue]
75%
Killed by [2]
Vikkstar123 [Purple (HotNSpicy..?)}
75%
Killed by [2]
RealTBNRKenworth [Pink]
75%
Killed by [3]
PeteZahHutt [Red]
50%
Killed by [8]
ChocoTheChocobo [Pink]
50%
Hit the ground too hard
ASFJerome [Black]
50%
Killed by [7]
Logdotzip [Green]
25%
Hit the ground too hard
CraftBattleDuty [Green]
25%
Killed by a Chicken Jockey (according to his teammate)
xRpMx13 [Black]
25%
Quiz Playlist
Details
Report
Send in Message
Add To Playlist
Classic:
Type in answers that appear in a list
Last Updated: Jun 25, 2017
Quiz Scoreboard
CHALLENGE
Sign Up to Join the Scoreboard
Show All
Scores
Hide
Comments
May contain spoilers
Recently Published
Popular People in 1961
by mucciniale
History
6m
1-10 Letter E Words III
by El_Dandy
Language
2m
One Thing in Common: World Cities II
by knightlancer
Geography
7m
More to Explore
Quiz From the Vault
Featured Blog Post
Where Did the Easter Bunny Come From?
hide this ad
You Might Also Like...
Tags
Player
position
season
Today's Top Quizzes in Gaming
Browse Gaming
hide this ad
Today's Top Quizzes in position
Browse position
Top Contributed Quizzes in Gaming
1
Destiny 2 exotic weapons by perk icons
2
Who's on the WWE 2K24 Cover?
3
Windmill: Pokémon
4
Overwatch 2 Heroes by Selection Quote
5
Genshin murder mystery
6
Overwatch 2: Ultimate Ability Icons
7
Franchise by Action Figure
8
Legendary or Exotic?
9
Genshin Impact Logic Puzzle
10
Genshin Impact Logic Puzzle Quiz
Explore More
Trending Topics
Disney
Harry Potter
Anime
NBA
Kpop
Crossword
Marvel
Soccer
Puzzle
The Office
Pokémon
WWE
Song
NFL
Country
hide this ad
More By:
11darknight10
Quiz
Plays
Rating
Category
Featured
Created
Nascar 2017 Daytona 500 results
207
Sports
Mar 14, 2017
Name the Roller Coaster by Hint
169
Miscellaneous
Dec 2, 2020
can you name every mario kart character?
160
1.33
Gaming
Nov 18, 2015
nascar 2016 daytona 500 results
147
1.00
Sports
Feb 29, 2016
Nascar 2014 DNF's
145
1.00
Sports
Mar 5, 2016
Go to Creator's Profile
Score Distribution
Quiz Creator Spotlight
11darknight10
Follow
Send a Message
Quizzes Created
-
Created Quiz Play Count
-
More By This Creator
Popular Quizzes Today
1
Find the US States - No Outlines Minefield
2
Find the Countries of Europe - No Outlines Minefield
3
The Countries of the World
4
Popular People in 1961
5
1-10 Letter E Words III
6
Find the US States
7
One Thing in Common: World Cities II
8
US States
More Gaming Quizzes
GTA San Andreas: Districts of Los Santos
Editor's Pick
Trending Quizzes
Risky Map Clicking: Least Populous States A-Z
1-10 Letter F Words
1-10 Letter G Words
One Thing in Common: United Kingdom
Risky Map Clicking: Next State Alphabetically
Recently Updated
Leaping Animals
pecheneg
Reality TV Shows (A-Z)
bhenderson79
Rickey Henderson's Hall of Fame Teammates
pecheneg
Champions League XIs: Arsenal
pecheneg
Quick Pick: Celebrities in WWE's Hall of Fame
aduchscher
A-Z Keypad Blitz II
pecheneg
Multiple Oscar Actors
pecheneg
Mystery Phrase Blitz: Oscar 'Best Actors'
pecheneg
F. Scott Fitzgerald Novels
LTH
Pick 3 Villains
ddd62291
Trending Topics
Disney
Crossword
Kpop
Marvel
Anime
NBA
Harry Potter
WWE
Song
Country
NFL
Soccer
Puzzle
Pokémon
The Office
Your Account Isn't Verified!
In order to create a playlist on Sporcle, you need to verify the email address you used during registration. Go to your
Sporcle Settings
to finish the process.
Report this User
Report this user for behavior that violates our
Community Guidelines
.
Details:
Send Report
Go to the Sporcle.com Mobile Site →
Comments